Statistiques concernant Littérature commençant par la lettre I

Cliquez ici pour prendre le quiz!

Statistiques générales

  • Ce quiz a été pris 984 fois
  • Le résultat moyen est 10 sur 20

Statistiques - réponses

IndicesRéponses% Correct
Petit chien gauloisIdéfix
98%
Il se brûla les ailesIcare
90%
Elle aime TristanIseut
85%
Super héros dont la véritable identité est Anthony StarkIron Man
77%
Compléter le titre de cette nouvelle de Prosper Mérimée:La Vénus d'{Ille}
77%
Zeus se transformait en nuage pour elleIo
76%
Dramaturge représentant majeur du théâtre de l'absurde en FranceEugène Ionesco
67%
Il veut être calife à la place du califeIznogoud
64%
Île dont Ulysse était le roiIthaque
62%
Roman d'aventures de Robert Louis StevensonL'{Île au trésor}
54%
Ce n'est ni la guerre de Hun, ni celle de Deut qui y est contéeIliade
45%
Femme de chambre de Bianca CastafioreIrma
32%
Soeur d'AntigoneIsmène
21%
Troupe fondée par Jean-Baptiste Poquelin et Madeleine Béjart en 1643L'{Illustre Théâtre}
21%
Femme d'OrdralfabetixIelosubmarine
20%
Livre de Kressmann Taylor se présentant sous la forme d'échanges entre un Juif et un AllemandInconnu à cette adresse
20%
Pièce de Corneille mettant en scène Alcandre, Pridamant, Matamore, Clindor, Adraste,...L'{Illusion comique}
19%
Dans la comedia dell'arte, elle est l'archétype de l'amoureuse et aime LélioIsabella
17%
Pièce de badinages amoureux de MarivauxL’{Île des esclaves}
13%
Roman de la Comédie humaine étudiant les mœurs dédié à Victor HugoIllusions perdues
12%

Distribution des résultats

Percentile par nombre de réponses

% des personnes avec chaque résultat

Votre développement - résultats

Vous n’avez pas pris ce quiz